|
|
|
|
| LEADER |
00000nab a2200000 a 4500 |
| 001 |
vtls000499384 |
| 003 |
SK-MaSNL |
| 005 |
20260304231022.0 |
| 008 |
120927c1993 xo 0 slo |
| 015 |
|
|
|a SNBRB19rr/mm-uuuuu
|
| 035 |
|
|
|a CL0499522
|
| 040 |
|
|
|a SNKBUCL
|b slo
|c SNKBUCL
|e AACR2
|
| 041 |
0 |
|
|a slo
|
| 044 |
|
|
|a xo
|c SK
|
| 080 |
|
|
|a 904"03":902
|2 1981
|
| 080 |
|
|
|a 902
|2 1981
|
| 100 |
1 |
|
|a Zrubec, Laco,
|d 1931-2011
|4 aut
|9 150969
|
| 245 |
1 |
0 |
|a Rimanka pochovaná bez nohy
|b Tri kostry z Gerulaty
|c Laco Zrubec
|
| 300 |
|
|
|b Fotogr. 4
|
| 650 |
0 |
7 |
|a pohrebiská rímske
|z Rusovce (Bratislava, Slovensko)
|x nálezy archeologické
|2 snkbucl
|9 968265
|
| 650 |
0 |
7 |
|a hroby kostrové
|z Rusovce (Bratislava, Slovensko)
|x nálezy archeologické
|2 snkbucl
|9 1114528
|
| 650 |
0 |
7 |
|a archeologické nálezy
|2 snkbucl
|9 4975
|
| 651 |
|
7 |
|a 5100
|2 snkbucl
|9 166206
|
| 651 |
|
7 |
|a Rusovce (Bratislava V, Slovensko)
|2 snkbucl
|9 16342
|
| 651 |
|
7 |
|a Gerulata (Bratislava, Slovensko : archeologická lokalita)
|2 snkbucl
|9 183201
|
| 655 |
|
7 |
|a články z novín a časopisov
|2 snkbucl
|9 267496
|
| 773 |
0 |
|
|t Život
|g Roč. 43, č. 43 (1993), s. 18-19
|
| 850 |
|
|
|a Slovenská národná knižnica v Martine
|a MTA001
|
| 852 |
|
|
|a SNK
|b KIS3GCP
|
| 958 |
|
|
|a RK
|
| 992 |
|
|
|a RBX
|
| 999 |
|
|
|c 3186721
|d 3188651
|